| 000 | 00603nam a2200193 i 4500 | ||
|---|---|---|---|
| 001 | 000018305 | ||
| 005 | 20200929165440.0 | ||
| 008 | 750212s1974 xxc 000 1 fre d | ||
| 020 | _a0776006223 | ||
| 040 |
_aDO-SdBNP _cspa _dBNPHU |
||
| 082 |
_axxx _bC494m |
||
| 100 | 1 |
_aChatillon, Pierre, _d1939- _939546 |
|
| 245 | 1 | 3 |
_aLa mort rousse : _broman / _cPierre Chatillon. |
| 260 |
_aMontreal : _bEditions du Jour :, _c1974. |
||
| 300 |
_a282 p. ; _c20 cm. |
||
| 490 | 1 | _aCollection Les Romanciers du jour | |
| 830 | 0 |
_aCollection Les Romanciers du jour _939646 |
|
| 910 | _aCatalogación por derivada / LC | ||
| 999 |
_c17826 _d17826 |
||